[Event "Winnipeg TNT October op"]
[Site "Winnipeg CAN"]
[Date "2007.10.02"]
[Round "1"]
[White "Van Wyk, Joseph"]
[Black "Wiebe, Daniel"]
[Result "1-0"]
[WhiteElo "1995"]
[BlackElo "1713"]
[PlyCount "47"]
[GameId "2160767910579033"]
[EventDate "2007.10.02"]
[EventType "swiss"]
[EventRounds "5"]
[EventCountry "CAN"]
[SourceTitle "EXT 2022"]
[Source "ChessBase"]
[SourceDate "2021.10.06"]
[SourceVersion "1"]
[SourceVersionDate "2021.10.06"]
[SourceQuality "1"]

1. e4 e5 2. Nf3 Nc6 3. Bc4 Bc5 4. c3 d6 5. d4 exd4 6. cxd4 Bb4+ 7. Nc3 Bg4 8. O-O Nf6 9. Qb3 Qd7 10. e5 Bxf3 11. exf6 Qg4 12. Re1+ Kd8 13. Bf1 Bxc3 14. bxc3 Re8 15. Rxe8+ Kxe8 16. Qxb7 Nxd4 17. Qxc7 Ne2+ 18. Kh1 gxf6 19. Ba3 Rd8 20. Bxd6 Rd7 21. Qb8+ Rd8 22. Qb5+ Rd7 23. Re1 f5 24. Qe5+ 1-0

[Event "Winnipeg TNT October op"]
[Site "Winnipeg CAN"]
[Date "2007.10.02"]
[Round "1"]
[White "Wierda, John"]
[Black "Oberton, Daniel"]
[Result "0-1"]
[WhiteElo "1713"]
[BlackElo "1980"]
[PlyCount "102"]
[GameId "2160767910579034"]
[EventDate "2007.10.02"]
[EventType "swiss"]
[EventRounds "5"]
[EventCountry "CAN"]
[SourceTitle "EXT 2022"]
[Source "ChessBase"]
[SourceDate "2021.10.06"]
[SourceVersion "1"]
[SourceVersionDate "2021.10.06"]
[SourceQuality "1"]

1. Nc3 Nf6 2. Nf3 g6 3. g3 Bg7 4. Bg2 c5 5. O-O O-O 6. Re1 Nc6 7. d3 Rb8 8. Bf4 d6 9. Qd2 Re8 10. Bh6 Bh8 11. h3 Bd7 12. e4 b5 13. Rab1 b4 14. Ne2 Qa5 15. a3 bxa3 16. Qxa5 Nxa5 17. bxa3 Ba4 18. Rec1 Rxb1 19. Rxb1 Bxc2 20. Rb5 Nc6 21. Ne1 Ba4 22. Rb7 Rb8 23. Rxb8+ Nxb8 24. Bc1 Nfd7 25. f4 Nc6 26. e5 Ndb8 27. Bd5 Na5 28. Bb2 e6 29. Nc3 Bd7 30. Bf3 dxe5 31. Ne4 exf4 32. Bxh8 Kxh8 33. Nxc5 fxg3 34. Nxd7 Nxd7 35. Kg2 f5 36. Kxg3 Kg7 37. Kf4 e5+ 38. Ke3 Kf6 39. h4 h6 40. Nc2 g5 41. hxg5+ hxg5 42. Nb4 Nb6 43. Bg2 Ke6 44. Bf3 Kd6 45. Kf2 Kc5 46. Bh5 Nd5 47. Nxd5 Kxd5 48. Bg6 Ke6 49. Ke3 Nc6 50. Bh5 Nd4 51. Bg6 Nc2+ 0-1

[Event "Winnipeg TNT October op"]
[Site "Winnipeg CAN"]
[Date "2007.10.09"]
[Round "2"]
[White "Czypinski, Jaroslaw"]
[Black "Khedkar, Jay S"]
[Result "1/2-1/2"]
[WhiteElo "1828"]
[BlackElo "1970"]
[PlyCount "34"]
[GameId "2160767910579035"]
[EventDate "2007.10.02"]
[EventType "swiss"]
[EventRounds "5"]
[EventCountry "CAN"]
[SourceTitle "EXT 2022"]
[Source "ChessBase"]
[SourceDate "2021.10.06"]
[SourceVersion "1"]
[SourceVersionDate "2021.10.06"]
[SourceQuality "1"]

1. e4 e6 2. d4 d5 3. exd5 exd5 4. Bd3 Nc6 5. Nf3 Bg4 6. Be3 Bd6 7. Nbd2 Nge7 8. c3 O-O 9. h3 Bh5 10. Bxh7+ Kh8 11. g4 Kxh7 12. Ng5+ Kg8 13. gxh5 Nf5 14. Qc2 Qd7 15. h4 Rae8 16. O-O-O f6 17. Ndf3 Rxe3 1/2-1/2

[Event "Winnipeg TNT October op"]
[Site "Winnipeg CAN"]
[Date "2007.10.09"]
[Round "2"]
[White "Gibbons, Lorne"]
[Black "Reimer, Bruce"]
[Result "0-1"]
[WhiteElo "1332"]
[BlackElo "1541"]
[PlyCount "64"]
[GameId "2160767910579036"]
[EventDate "2007.10.02"]
[EventType "swiss"]
[EventRounds "5"]
[EventCountry "CAN"]
[SourceTitle "EXT 2022"]
[Source "ChessBase"]
[SourceDate "2021.10.06"]
[SourceVersion "1"]
[SourceVersionDate "2021.10.06"]
[SourceQuality "1"]

1. d4 Nf6 2. c4 e6 3. a3 b6 4. Nc3 Bb7 5. f3 d5 6. Bf4 Bd6 7. Bxd6 Qxd6 8. Nb5 Qc6 9. Qa4 O-O 10. e3 a6 11. Nc3 dxc4 12. Qxc4 Qd7 13. e4 Nc6 14. O-O-O Na5 15. Qa2 Qc6 16. Kb1 b5 17. Rc1 Qb6 18. b4 Nc6 19. d5 exd5 20. Nxd5 Nxd5 21. Qxd5 Nxb4 22. Qd7 Nc6 23. Be2 b4 24. a4 Rad8 25. Qg4 Rd2 26. Rc2 Rxc2 27. Kxc2 b3+ 28. Kb1 Rd8 29. Qg5 Qf2 30. Kb2 Qe1 31. Kxb3 Rb8 32. Kc2 Nd4+ 0-1

[Event "Winnipeg TNT October op"]
[Site "Winnipeg CAN"]
[Date "2007.10.09"]
[Round "2"]
[White "Green, Aaron"]
[Black "Atem, James"]
[Result "0-1"]
[WhiteElo "1543"]
[BlackElo "1717"]
[PlyCount "62"]
[GameId "2160767910579037"]
[EventDate "2007.10.02"]
[EventType "swiss"]
[EventRounds "5"]
[EventCountry "CAN"]
[SourceTitle "EXT 2022"]
[Source "ChessBase"]
[SourceDate "2021.10.06"]
[SourceVersion "1"]
[SourceVersionDate "2021.10.06"]
[SourceQuality "1"]

1. e4 g6 2. d4 d6 3. f4 Bg7 4. Nf3 Bd7 5. Bc4 a5 6. a3 b5 7. Ba2 Nf6 8. e5 Ng4 9. h3 Nh6 10. g4 O-O 11. O-O c6 12. Ng5 dxe5 13. dxe5 Qb6+ 14. Kh2 Rd8 15. Qf3 Na6 16. Be3 c5 17. Bd5 Rab8 18. Nd2 Nc7 19. Be4 f6 20. Qf2 fxg5 21. fxg5 Bxe5+ 22. Kg1 Rf8 23. Nf3 Nf7 24. Bxc5 Qe6 25. Ba7 Rbd8 26. Bb6 Rde8 27. Rad1 Bc6 28. Rfe1 Bxe4 29. Rxe4 Bh2+ 30. Nxh2 Qxe4 31. Bxc7 Nxg5 0-1

[Event "Winnipeg TNT October op"]
[Site "Winnipeg CAN"]
[Date "2007.10.09"]
[Round "2"]
[White "Huynh, Peter"]
[Black "Magnusson, Saul"]
[Result "1/2-1/2"]
[WhiteElo "1585"]
[BlackElo "1242"]
[PlyCount "88"]
[GameId "2160767910579038"]
[EventDate "2007.10.02"]
[EventType "swiss"]
[EventRounds "5"]
[EventCountry "CAN"]
[SourceTitle "EXT 2022"]
[Source "ChessBase"]
[SourceDate "2021.10.06"]
[SourceVersion "1"]
[SourceVersionDate "2021.10.06"]
[SourceQuality "1"]

1. Nf3 Nf6 2. g3 d5 3. Bg2 c5 4. O-O e6 5. c4 Nc6 6. d3 Be7 7. Bg5 h6 8. Bxf6 Bxf6 9. Nc3 O-O 10. cxd5 exd5 11. Qb3 d4 12. Ne4 Re8 13. Rfe1 b6 14. Nfd2 Be6 15. Nxf6+ Qxf6 16. Qa4 Bd7 17. Ne4 Qe6 18. Qc2 Nb4 19. Qc4 Rac8 20. Qxe6 Rxe6 21. Bh3 Nc2 22. Bxe6 Bxe6 23. a3 Re8 24. Rac1 Nxe1 25. Rxe1 Bd5 26. f3 Re6 27. Kf2 f5 28. Nd2 Kf7 29. e4 dxe3+ 30. Rxe3 Kf6 31. f4 Rxe3 32. Kxe3 g5 33. Nb1 a6 34. d4 c4 35. Nc3 Ke6 36. h4 g4 37. Kd2 Bc6 38. Ke3 Kd6 39. Kd2 b5 40. Ke3 a5 41. d5 Bxd5 42. Nxb5+ Kc5 43. Nc3 Bc6 44. Na2 h5 1/2-1/2

[Event "Winnipeg TNT October op"]
[Site "Winnipeg CAN"]
[Date "2007.10.09"]
[Round "2"]
[White "Liu, Weixi"]
[Black "Van Wyk, Joseph"]
[Result "1/2-1/2"]
[WhiteElo "1919"]
[BlackElo "1995"]
[PlyCount "59"]
[GameId "2160767910579039"]
[EventDate "2007.10.02"]
[EventType "swiss"]
[EventRounds "5"]
[EventCountry "CAN"]
[SourceTitle "EXT 2022"]
[Source "ChessBase"]
[SourceDate "2021.10.06"]
[SourceVersion "1"]
[SourceVersionDate "2021.10.06"]
[SourceQuality "1"]

1. d4 d5 2. c4 e6 3. Nc3 c5 4. cxd5 cxd4 5. dxe6 Bxe6 6. Ne4 Nc6 7. Nf3 Nf6 8. Nxf6+ Qxf6 9. g3 Bc5 10. Bg2 Rc8 11. O-O O-O 12. a3 Rfe8 13. b4 Bb6 14. Bg5 Qf5 15. Rc1 a5 16. bxa5 Qxa5 17. Rb1 Bc4 18. Re1 Qa7 19. Nd2 Na5 20. Nxc4 Nxc4 21. Qd3 Qa5 22. Bf4 g5 23. Bxb7 gxf4 24. Bxc8 Rxc8 25. Rec1 Nd6 26. Rxc8+ Nxc8 27. Qf3 Qf5 28. Rc1 Ne7 29. Qb7 Nd5 30. Qc8+ 1/2-1/2

[Event "Winnipeg TNT October op"]
[Site "Winnipeg CAN"]
[Date "2007.10.09"]
[Round "2"]
[White "Magnusson, Bryan"]
[Black "Wierda, John"]
[Result "0-1"]
[WhiteElo "1176"]
[BlackElo "1713"]
[PlyCount "24"]
[GameId "2160767910579040"]
[EventDate "2007.10.02"]
[EventType "swiss"]
[EventRounds "5"]
[EventCountry "CAN"]
[SourceTitle "EXT 2022"]
[Source "ChessBase"]
[SourceDate "2021.10.06"]
[SourceVersion "1"]
[SourceVersionDate "2021.10.06"]
[SourceQuality "1"]

1. e4 e6 2. Nf3 Nf6 3. d3 d5 4. e5 Nfd7 5. d4 c5 6. c3 Nc6 7. Nbd2 Qb6 8. Nb3 cxd4 9. cxd4 Be7 10. a3 O-O 11. Bd3 f6 12. exf6 gxf6 0-1

[Event "Winnipeg TNT October op"]
[Site "Winnipeg CAN"]
[Date "2007.10.09"]
[Round "2"]
[White "Mundwiler, Les"]
[Black "Kong, Dezheng"]
[Result "1-0"]
[WhiteElo "2003"]
[BlackElo "1848"]
[PlyCount "45"]
[GameId "2160767910579041"]
[EventDate "2007.10.02"]
[EventType "swiss"]
[EventRounds "5"]
[EventCountry "CAN"]
[SourceTitle "EXT 2022"]
[Source "ChessBase"]
[SourceDate "2021.10.06"]
[SourceVersion "1"]
[SourceVersionDate "2021.10.06"]
[SourceQuality "1"]

1. c4 c5 2. Nc3 Nc6 3. e4 Nf6 4. Nge2 e6 5. Ng3 Be7 6. Be2 O-O 7. O-O d6 8. d3 Bd7 9. f4 a6 10. a4 Qc7 11. Bg4 Rfd8 12. Bh3 Bf8 13. Nh5 Nxh5 14. Qxh5 g6 15. Qd1 Bg7 16. f5 Nd4 17. f6 Bf8 18. Rf4 Bc6 19. Rh4 b6 20. Bh6 Re8 21. Bxf8 Rxf8 22. Qd2 Qd8 23. Qh6 1-0

[Event "Winnipeg TNT October op"]
[Site "Winnipeg CAN"]
[Date "2007.10.09"]
[Round "2"]
[White "Oberton, Daniel"]
[Black "Greenberg, Harley"]
[Result "1-0"]
[WhiteElo "1980"]
[BlackElo "1823"]
[PlyCount "73"]
[GameId "2160767910579042"]
[EventDate "2007.10.02"]
[EventType "swiss"]
[EventRounds "5"]
[EventCountry "CAN"]
[SourceTitle "EXT 2022"]
[Source "ChessBase"]
[SourceDate "2021.10.06"]
[SourceVersion "1"]
[SourceVersionDate "2021.10.06"]
[SourceQuality "1"]

1. e4 c5 2. Nf3 Nc6 3. d4 cxd4 4. Nxd4 Nf6 5. Nc3 e5 6. Ndb5 d6 7. Bg5 a6 8. Na3 b5 9. Nd5 Be7 10. Bxf6 Bxf6 11. c4 b4 12. Nc2 Rb8 13. b3 O-O 14. Be2 Bg5 15. Bg4 f5 16. exf5 Bxf5 17. Bxf5 Rxf5 18. O-O a5 19. Qd3 Qf8 20. Rad1 Bh4 21. g3 Be7 22. Nxe7+ Nxe7 23. Qxd6 a4 24. Ne3 Rf6 25. Qxe5 axb3 26. axb3 Rf3 27. Rd7 Re8 28. Qc5 Kh8 29. Qxb4 Qf6 30. Qd6 Nc6 31. Qxf6 Rxf6 32. Nd5 Rf3 33. b4 Ref8 34. b5 Ne5 35. Rc7 Nd3 36. b6 Nxf2 37. Kg2 1-0

[Event "Winnipeg TNT October op"]
[Site "Winnipeg CAN"]
[Date "2007.10.09"]
[Round "2"]
[White "Silva, T Romero"]
[Black "Rutter, Blair"]
[Result "0-1"]
[WhiteElo "1769"]
[BlackElo "1900"]
[PlyCount "100"]
[GameId "2160767910579043"]
[EventDate "2007.10.02"]
[EventType "swiss"]
[EventRounds "5"]
[EventCountry "CAN"]
[SourceTitle "EXT 2022"]
[Source "ChessBase"]
[SourceDate "2021.10.06"]
[SourceVersion "1"]
[SourceVersionDate "2021.10.06"]
[SourceQuality "1"]

1. e4 e6 2. Nf3 c5 3. d4 Nf6 4. Bd3 Be7 5. c3 Nc6 6. b3 cxd4 7. cxd4 Nb4 8. O-O d6 9. Bb2 Bd7 10. Nc3 Qa5 11. Bc4 d5 12. exd5 exd5 13. Be2 Be6 14. Ne5 O-O 15. Bf3 Rfd8 16. Ne2 Rac8 17. a3 Nc2 18. b4 Qa6 19. Nc3 Nxa1 20. Qxa1 Nd7 21. Be2 Qb6 22. Na4 Qd6 23. Nc5 Qb6 24. f4 Nf6 25. f5 Bd7 26. g4 Bb5 27. Rf2 Bxe2 28. Rxe2 Qb5 29. Kf2 Bxc5 30. bxc5 Ne4+ 31. Kf3 f6 32. a4 Qa6 33. Qg1 fxe5 34. dxe5 Qxa4 35. Bd4 Ng5+ 36. Kg2 Qb3 37. Be3 Qd3 38. Qf2 Qe4+ 39. Kf1 Qxg4 40. f6 gxf6 41. exf6 Rf8 42. Bd4 Ne4 43. Qe3 Qf5+ 44. Kg1 Kf7 45. Rg2 Rg8 46. Rg7+ Rxg7+ 47. fxg7 Qg5+ 48. Qxg5 Nxg5 49. Kf2 Ne6 50. Be5 Rxc5 0-1

[Event "Winnipeg TNT October op"]
[Site "Winnipeg CAN"]
[Date "2007.10.09"]
[Round "2"]
[White "Wiebe, Daniel"]
[Black "Gibson, Fred"]
[Result "1-0"]
[WhiteElo "1713"]
[BlackElo "1345"]
[PlyCount "49"]
[GameId "2160767910579044"]
[EventDate "2007.10.02"]
[EventType "swiss"]
[EventRounds "5"]
[EventCountry "CAN"]
[SourceTitle "EXT 2022"]
[Source "ChessBase"]
[SourceDate "2021.10.06"]
[SourceVersion "1"]
[SourceVersionDate "2021.10.06"]
[SourceQuality "1"]

1. e4 c5 2. Nf3 d6 3. d4 cxd4 4. Nxd4 Nf6 5. Nc3 g6 6. Bg5 Bg7 7. Bc4 O-O 8. Qd2 Qb6 9. O-O-O Nc6 10. Nxc6 Qxc6 11. Bd5 Qc5 12. Bh6 Nxe4 13. Bxe4 Be6 14. Bxg7 Kxg7 15. Qd4+ f6 16. Bd5 Bf7 17. Bxf7 Rxf7 18. Qd5 Qc7 19. Qe6 Rd8 20. Nd5 Qd7 21. Rhe1 Qxe6 22. Rxe6 Kf8 23. Rde1 Rd7 24. R1e3 Ke8 25. Nxf6+ 1-0

[Event "Winnipeg TNT October op"]
[Site "Winnipeg CAN"]
[Date "2007.10.16"]
[Round "3"]
[White "Gibson, Fred"]
[Black "Huynh, Peter"]
[Result "1-0"]
[WhiteElo "1345"]
[BlackElo "1585"]
[PlyCount "21"]
[GameId "2160767910579046"]
[EventDate "2007.10.02"]
[EventType "swiss"]
[EventRounds "5"]
[EventCountry "CAN"]
[SourceTitle "EXT 2022"]
[Source "ChessBase"]
[SourceDate "2021.10.06"]
[SourceVersion "1"]
[SourceVersionDate "2021.10.06"]
[SourceQuality "1"]

1. e4 b6 2. d4 Bb7 3. Bd3 f5 4. Nc3 Nf6 5. f3 fxe4 6. fxe4 e6 7. Bf4 Bb4 8. Nge2 Nxe4 9. O-O Nxc3 10. Nxc3 Nc6 11. Qh5+ 1-0

[Event "Winnipeg TNT October op"]
[Site "Winnipeg CAN"]
[Date "2007.10.16"]
[Round "3"]
[White "Green, Jim"]
[Black "Czypinski, Jaroslaw"]
[Result "0-1"]
[WhiteElo "1726"]
[BlackElo "1828"]
[PlyCount "93"]
[GameId "2160767910579047"]
[EventDate "2007.10.02"]
[EventType "swiss"]
[EventRounds "5"]
[EventCountry "CAN"]
[SourceTitle "EXT 2022"]
[Source "ChessBase"]
[SourceDate "2021.10.06"]
[SourceVersion "1"]
[SourceVersionDate "2021.10.06"]
[SourceQuality "1"]

1. e4 d5 2. exd5 Nf6 3. Bb5+ Bd7 4. Bxd7+ Qxd7 5. Nf3 Nxd5 6. O-O Nc6 7. d4 e6 8. c3 Bd6 9. c4 Nf6 10. Nc3 h6 11. Nb5 a6 12. Nxd6+ cxd6 13. Re1 O-O 14. d5 exd5 15. cxd5 Nb4 16. Re2 Rac8 17. a3 Nbxd5 18. Rd2 Qf5 19. Nd4 Qe5 20. Rd3 Rfe8 21. Be3 Nxe3 22. Rxe3 Qf4 23. Ne2 Qg5 24. Rxe8+ Rxe8 25. Nc3 Qf4 26. g3 Qe5 27. Qf3 d5 28. Rd1 d4 29. Nb1 Qe2 30. Qb3 Ne4 31. Rf1 b5 32. Qd1 Qxb2 33. f3 Nc3 34. Nxc3 Qxc3 35. Kg2 d3 36. Rf2 Re1 37. Qd2 Qxd2 38. Rxd2 Re2+ 39. Rxe2 dxe2 40. Kf2 e1=Q+ 41. Kxe1 Kf8 42. Kd2 Ke7 43. Kc3 a5 44. Kd4 Kd6 45. h4 h5 46. g4 g6 47. g5 0-1

[Event "Winnipeg TNT October op"]
[Site "Winnipeg CAN"]
[Date "2007.10.16"]
[Round "3"]
[White "Greenberg, Harley"]
[Black "Wierda, John"]
[Result "1/2-1/2"]
[WhiteElo "1823"]
[BlackElo "1713"]
[PlyCount "88"]
[GameId "2160767910579048"]
[EventDate "2007.10.02"]
[EventType "swiss"]
[EventRounds "5"]
[EventCountry "CAN"]
[SourceTitle "EXT 2022"]
[Source "ChessBase"]
[SourceDate "2021.10.06"]
[SourceVersion "1"]
[SourceVersionDate "2021.10.06"]
[SourceQuality "1"]

1. d4 Nf6 2. c4 c5 3. Nf3 cxd4 4. Nxd4 g6 5. Nc3 Bg7 6. e4 O-O 7. Be2 Qb6 8. e5 Ne8 9. Nd5 Qd8 10. Bf4 Nc6 11. Nf3 d6 12. exd6 Nxd6 13. O-O Be6 14. Nxe7+ Nxe7 15. Bxd6 Rc8 16. c5 Bxb2 17. Rb1 Ba3 18. Qd4 b6 19. Rfd1 Bxc5 20. Bxc5 bxc5 21. Qh4 Qc7 22. Ng5 h5 23. Nxe6 fxe6 24. Bc4 Nf5 25. Bxe6+ Kg7 26. Rd7+ Qxd7 27. Qe4 Qd4 28. Qb7+ Ne7 29. Qxe7+ Kh6 30. h4 Rxf2 31. Kh1 Rf6 32. Bh3 Rcf8 33. g3 Qd5+ 34. Bg2 Rf1+ 35. Rxf1 Rxf1+ 36. Kh2 Qxa2 37. Qe3+ Kg7 38. Qe5+ Kh7 39. Qe7+ Rf7 40. Qxc5 a5 41. Kh3 Rf2 42. Qe7+ Rf7 43. Qe3 a4 44. Kh2 Qb3 1/2-1/2

[Event "Winnipeg TNT October op"]
[Site "Winnipeg CAN"]
[Date "2007.10.16"]
[Round "3"]
[White "Khedkar, Jay S"]
[Black "Liu, Weixi"]
[Result "0-1"]
[WhiteElo "1970"]
[BlackElo "1919"]
[PlyCount "36"]
[GameId "2160767910579049"]
[EventDate "2007.10.02"]
[EventType "swiss"]
[EventRounds "5"]
[EventCountry "CAN"]
[SourceTitle "EXT 2022"]
[Source "ChessBase"]
[SourceDate "2021.10.06"]
[SourceVersion "1"]
[SourceVersionDate "2021.10.06"]
[SourceQuality "1"]

1. d4 d5 2. c4 c6 3. Nc3 Nf6 4. Nf3 e6 5. e3 Be7 6. Bd3 O-O 7. O-O dxc4 8. Bxc4 c5 9. Qe2 a6 10. a4 Nc6 11. Rd1 Qc7 12. e4 Ng4 13. g3 cxd4 14. Bf4 e5 15. Nd5 Qd8 16. Nxd4 Nxd4 17. Rxd4 exd4 18. Rd1 Bc5 0-1

[Event "Winnipeg TNT October op"]
[Site "Winnipeg CAN"]
[Date "2007.10.16"]
[Round "3"]
[White "Kong, Dezheng"]
[Black "Wiebe, Daniel"]
[Result "1-0"]
[WhiteElo "1848"]
[BlackElo "1713"]
[PlyCount "77"]
[GameId "2160767910579050"]
[EventDate "2007.10.02"]
[EventType "swiss"]
[EventRounds "5"]
[EventCountry "CAN"]
[SourceTitle "EXT 2022"]
[Source "ChessBase"]
[SourceDate "2021.10.06"]
[SourceVersion "1"]
[SourceVersionDate "2021.10.06"]
[SourceQuality "1"]

1. c4 e5 2. Nc3 Nf6 3. d3 d5 4. cxd5 Nxd5 5. Nf3 Nc6 6. e3 Bg4 7. Be2 Ndb4 8. a3 Bxf3 9. gxf3 Nd5 10. Bd2 Qd7 11. Qc2 f5 12. O-O-O f4 13. Rhe1 g5 14. Qb3 O-O-O 15. Kb1 Nxc3+ 16. Bxc3 Qh3 17. Rh1 Kb8 18. d4 exd4 19. exd4 Qf5+ 20. Bd3 Qf6 21. d5 Ne5 22. Be4 Bd6 23. Rhe1 Qf7 24. Bb4 Ng6 25. a4 Ne7 26. Bc3 Rhg8 27. a5 a6 28. Rc1 c6 29. Qb6 Nxd5 30. Bxd5 Qxd5 31. Bd4 Bc7 32. Qa7+ Kc8 33. Bb6 Bxb6 34. axb6 Qd6 35. Rcd1 Qxd1+ 36. Rxd1 Rxd1+ 37. Kc2 Rdd8 38. Qa8+ Kd7 39. Qxb7+ 1-0

[Event "Winnipeg TNT October op"]
[Site "Winnipeg CAN"]
[Date "2007.10.16"]
[Round "3"]
[White "Magnusson, Bryan"]
[Black "Green, Aaron"]
[Result "0-1"]
[WhiteElo "1176"]
[BlackElo "1543"]
[PlyCount "70"]
[GameId "2160767910579051"]
[EventDate "2007.10.02"]
[EventType "swiss"]
[EventRounds "5"]
[EventCountry "CAN"]
[SourceTitle "EXT 2022"]
[Source "ChessBase"]
[SourceDate "2021.10.06"]
[SourceVersion "1"]
[SourceVersionDate "2021.10.06"]
[SourceQuality "1"]

1. e4 c5 2. d3 Nc6 3. Nc3 d6 4. Bd2 Nf6 5. Be2 e6 6. Nf3 Be7 7. O-O O-O 8. Be3 Bd7 9. a3 a6 10. b3 Qc7 11. Qd2 d5 12. Na4 d4 13. Bf4 e5 14. Bg3 b5 15. Nb2 Nh5 16. Bh4 Bxh4 17. Nxh4 Nf4 18. Bf3 Qd8 19. Nf5 Qg5 20. Qe1 Rac8 21. Rc1 Bxf5 22. exf5 Qxf5 23. c3 Qe6 24. Qd1 dxc3 25. Rxc3 Nd4 26. Bb7 Qg6 27. a4 Rc7 28. Be4 f5 29. Bf3 e4 30. dxe4 fxe4 31. Bg4 h5 32. g3 hxg4 33. gxf4 Nf3+ 34. Kg2 Qh5 35. Rh1 Qh3# 0-1

[Event "Winnipeg TNT October op"]
[Site "Winnipeg CAN"]
[Date "2007.10.16"]
[Round "3"]
[White "Oberton, Daniel"]
[Black "Mundwiler, Les"]
[Result "0-1"]
[WhiteElo "1980"]
[BlackElo "2003"]
[PlyCount "56"]
[GameId "2160767910579052"]
[EventDate "2007.10.02"]
[EventType "swiss"]
[EventRounds "5"]
[EventCountry "CAN"]
[SourceTitle "EXT 2022"]
[Source "ChessBase"]
[SourceDate "2021.10.06"]
[SourceVersion "1"]
[SourceVersionDate "2021.10.06"]
[SourceQuality "1"]

1. e4 d6 2. d4 g6 3. f4 d5 4. exd5 Qxd5 5. Nc3 Qd6 6. Nf3 Bg7 7. Bc4 Nh6 8. O-O O-O 9. Ne2 c5 10. c3 Nc6 11. Kh1 Bg4 12. d5 Na5 13. Bb3 Nxb3 14. Qxb3 Qa6 15. c4 Nf5 16. Bd2 Nd6 17. Rac1 Rab8 18. h3 Bxf3 19. Rxf3 b5 20. cxb5 Rxb5 21. Qa3 Qxa3 22. bxa3 Rb2 23. Be3 Rxe2 24. Rxc5 Rc8 25. Rxc8+ Nxc8 26. Bc5 Rc2 27. Bb4 h5 28. Re3 Bf6 0-1

[Event "Winnipeg TNT October op"]
[Site "Winnipeg CAN"]
[Date "2007.10.16"]
[Round "3"]
[White "Silva, T Romero"]
[Black "Reimer, Bruce"]
[Result "1-0"]
[WhiteElo "1769"]
[BlackElo "1541"]
[PlyCount "85"]
[GameId "2160767910579053"]
[EventDate "2007.10.02"]
[EventType "swiss"]
[EventRounds "5"]
[EventCountry "CAN"]
[SourceTitle "EXT 2022"]
[Source "ChessBase"]
[SourceDate "2021.10.06"]
[SourceVersion "1"]
[SourceVersionDate "2021.10.06"]
[SourceQuality "1"]

1. e4 Nf6 2. Nc3 d5 3. exd5 Nxd5 4. Ne4 Bf5 5. Ng3 Bg6 6. Bc4 e6 7. Nf3 Bc5 8. d3 Nc6 9. c3 h6 10. d4 Bd6 11. O-O Nce7 12. Re1 O-O 13. Ne5 Bxe5 14. Rxe5 Qd6 15. Ne4 Bxe4 16. Rxe4 Nf6 17. Re1 c5 18. dxc5 Qxc5 19. Qe2 Ned5 20. Bb3 a6 21. c4 Ne7 22. Be3 Qc6 23. Bd4 Nh7 24. Rac1 Nf5 25. Be5 Rad8 26. Bc2 Nd4 27. Qg4 Nf5 28. Bxf5 Ng5 29. Be4 Qb6 30. c5 Qa5 31. h4 f5 32. Qg3 fxe4 33. hxg5 h5 34. Bc7 Qxa2 35. Bxd8 Rxd8 36. Qe5 Rf8 37. g6 Rf5 38. Qb8+ Rf8 39. Qxb7 Qa5 40. Qxe4 Qd2 41. Qxe6+ Kh8 42. Qe2 Qg5 43. Qe7 1-0

[Event "Winnipeg TNT October op"]
[Site "Winnipeg CAN"]
[Date "2007.10.16"]
[Round "3"]
[White "Van Wyk, Joseph"]
[Black "Rutter, Blair"]
[Result "1-0"]
[WhiteElo "1995"]
[BlackElo "1900"]
[PlyCount "53"]
[GameId "2160767910579054"]
[EventDate "2007.10.02"]
[EventType "swiss"]
[EventRounds "5"]
[EventCountry "CAN"]
[SourceTitle "EXT 2022"]
[Source "ChessBase"]
[SourceDate "2021.10.06"]
[SourceVersion "1"]
[SourceVersionDate "2021.10.06"]
[SourceQuality "1"]

1. e4 e6 2. c4 d5 3. cxd5 exd5 4. exd5 Nf6 5. Nc3 Nxd5 6. Bc4 Nxc3 7. bxc3 Bf5 8. Qb3 Qe7+ 9. Ne2 c6 10. a4 Qc7 11. Ng3 Bg6 12. O-O Be7 13. f4 f5 14. Re1 Nd7 15. Ba3 c5 16. Re3 Kd8 17. Rae1 Bd6 18. Bf7 Nf6 19. Be6 b6 20. Bxf5 Bxf4 21. Rd3+ Bd6 22. Qe6 Ne8 23. Bxg6 hxg6 24. Ne4 Qd7 25. Nxd6 Qxe6 26. Rxe6 Nxd6 27. Rdxd6+ 1-0

[Event "Winnipeg TNT October op"]
[Site "Winnipeg CAN"]
[Date "2007.10.23"]
[Round "4"]
[White "Czypinski, Jaroslaw"]
[Black "Oberton, Daniel"]
[Result "1/2-1/2"]
[WhiteElo "1828"]
[BlackElo "1980"]
[PlyCount "94"]
[GameId "2160767910579055"]
[EventDate "2007.10.02"]
[EventType "swiss"]
[EventRounds "5"]
[EventCountry "CAN"]
[SourceTitle "EXT 2022"]
[Source "ChessBase"]
[SourceDate "2021.10.06"]
[SourceVersion "1"]
[SourceVersionDate "2021.10.06"]
[SourceQuality "1"]

1. d4 Nf6 2. Nf3 g6 3. Nc3 Bg7 4. e4 d6 5. Be2 O-O 6. h3 Nbd7 7. Be3 e5 8. dxe5 Nxe5 9. Nxe5 dxe5 10. Qxd8 Rxd8 11. Bc4 b6 12. f3 c6 13. Rd1 Bb7 14. Ke2 Nh5 15. Kf2 Kf8 16. Bg5 f6 17. Be3 Ke7 18. Ne2 f5 19. Bg5+ Bf6 20. Bxf6+ Nxf6 21. exf5 gxf5 22. Ng3 Bc8 23. Rxd8 Kxd8 24. Re1 f4 25. Ne4 Nxe4+ 26. Rxe4 Bf5 27. Rxe5 Bxc2 28. Re6 Kc7 29. Rf6 Rd8 30. Rxf4 Rd2+ 31. Ke3 Rxg2 32. Rg4 Rh2 33. Bf1 Bf5 34. Rg7+ Kd6 35. Bg2 Bxh3 36. Bxh3 Rxh3 37. Rxa7 h5 38. Ke4 Rh2 39. b3 h4 40. f4 h3 41. Rh7 Re2+ 42. Kf3 Rxa2 43. Rxh3 Rb2 44. Ke4 Re2+ 45. Kf5 b5 46. Rd3+ Ke7 47. Rc3 Re6 1/2-1/2

[Event "Winnipeg TNT October op"]
[Site "Winnipeg CAN"]
[Date "2007.10.23"]
[Round "4"]
[White "Gibbons, Lorne"]
[Black "Gibson, Fred"]
[Result "0-1"]
[WhiteElo "1332"]
[BlackElo "1345"]
[PlyCount "48"]
[GameId "2160767910579056"]
[EventDate "2007.10.02"]
[EventType "swiss"]
[EventRounds "5"]
[EventCountry "CAN"]
[SourceTitle "EXT 2022"]
[Source "ChessBase"]
[SourceDate "2021.10.06"]
[SourceVersion "1"]
[SourceVersionDate "2021.10.06"]
[SourceQuality "1"]

1. d4 Nf6 2. c4 g6 3. Nc3 Bg7 4. e4 d6 5. Nf3 O-O 6. Bf4 Nh5 7. Be3 f5 8. exf5 Bxf5 9. Bd3 e6 10. Bxf5 exf5 11. Ne2 Nc6 12. Qd2 f4 13. Bxf4 Re8 14. Be3 Nf6 15. O-O Ng4 16. b4 Nxe3 17. fxe3 Ne7 18. Rf2 Nf5 19. Qd3 Rxe3 20. Qc2 Re8 21. Raf1 Ne3 22. Qb3 Nxf1 23. Kxf1 a6 24. Ng5 Qxg5 0-1